Statistics for Most populated cities in 1790

Click here to take the quiz!

General Stats

  • This quiz has been taken 6 times
  • The average score is 4 of 10

Answer Stats

PopulationCity% Correct
33,000New York
100%
18,000Boston
67%
13,000Baltimore
50%
6,000New Port
33%
9,000{Northern Liberties} District
33%
28,000Philidelphia
33%
6,000Providence
33%
7,000Salem
33%
5,000Southwark / Marblehead
33%
16,000Charleston
17%

Score Distribution

Percentile by Number Answered

Percent of People with Each Score

Your Score History

You have not taken this quiz